000 00514nam a2200181Ia 4500
008 100917s9999 xx 000 0 und d
082 _b21775
100 _aदत्ता केशव
245 _aमाझा कुणा म्हणू मी
260 _b---
_c1968
300 _a89
365 _b0
520 _aनाटक
630 _aमाझा कुणा म्हणू मी
650 _aनाटक
730 _aमाझा कुणा म्हणू मी
942 _cBOOK
999 _c627169
_d627166